• 首页
  • 本馆介绍
  • 公告通知
  • 最新文献
  • 馆藏检索
  • 电子资源
  • 读者导购
  • 参考咨询
  • 我的图书馆
  • 登录
  • 详细信息显示
  • 放入我的书架
  • 预约/预借图书
  • 作者相关作品
  • 分类相关作品
  • 丛书相关作品
  • 出版社相关作品

书目信息

  • 表格格式
  • 工作单格式
  • 卡片格式
题名:
中国5000年文明第一证
    
 
作者: 周膺 , 吴晶 著
分册:  
出版信息: 杭州   浙江大学出版社  2004
页数: 207页
开本: 24cm
丛书名: 长江文明丛书
单 册:
中图分类: K871.13
科图分类:
主题词: 良渚文化--研究 , 良渚文化
电子资源:
ISBN: 7-308-03819-X
000 01165oam2 2200313 450
001 110000005008
005 20051014105034.42
010    @a7-308-03819-X@dCNY45.00
092    @aCN
100    @a20050222d2004 ekmy0chiy0120 ea
101 0  @achi@eeng
102    @aCN@b330000
105    @aa az 000yy
200 1  @a中国5000年文明第一证@9zhong guo 5000 nian wen ming di yi zheng@e良渚文化与良渚古国@f周膺,吴晶著@Fzhou ying,wu jing zhu
210    @a杭州@c浙江大学出版社@d2004
215    @a207页@c图@d24cm
225 2  @a长江文明丛书@f陈剩勇主编
300    @a国家“十五”重点图书
330    @a良渚文化”发源于中国长江下游太湖流域,是对太湖流域新石器文化的全面吸收和综合。它的突出成就表现在:全世界至今最精湛的玉器、石器和黑陶工艺,及其所表征的社会礼仪制度、城市规模与大型工程营建、大规模犁耕稻作农业及手工业的专门化等。
410  0 @12001 @a长江文明丛书
517 1  @a良渚文化与良渚古国@9liang zhu wen hua yu liang zhu gu guo
606 0  @a良渚文化@x研究
606 0  @a良渚文化
690    @aK871.13@v4
701  0 @a周膺@Azhou ying@4著
701  0 @a吴晶@Awu jing@4著
801  0 @aCN@bTSSF@c20051014
905    @a10447@dK871.13@e160
999    @aZXL@eGLX
    
    中国5000年文明第一证:良渚文化与良渚古国/周膺,吴晶著.-杭州:浙江大学出版社,2004
    207页:图;24cm.-(长江文明丛书/陈剩勇主编)
    国家“十五”重点图书
    
    ISBN 7-308-03819-X:CNY45.00
    良渚文化”发源于中国长江下游太湖流域,是对太湖流域新石器文化的全面吸收和综合。它的突出成就表现在:全世界至今最精湛的玉器、石器和黑陶工艺,及其所表征的社会礼仪制度、城市规模与大型工程营建、大规模犁耕稻作农业及手工业的专门化等。
●
相关链接 在E读中查询图书 在五车中查询图书 在当当中查询图书 在豆瓣中查询图书


正题名:中国5000年文明第一证     索取号:K871.13/160         预约/预借

序号 登录号 条形码 馆藏地/架位号 状态 备注
1 0366648   3666483   第二样本阅览室/ [索取号:K871.13/160] 在馆    
2 0366649   3666492   第二借阅区/ [索取号:K871.13/160] 在馆    
3 0366650   3666508   第二借阅区/ [索取号:K871.13/160] 在馆    
4 0366651   3666517   第二借阅区/ [索取号:K871.13/160] 在馆    
5 0366652   3666526   第二借阅区/ [索取号:K871.13/160] 在馆    
唐山师范学院图书馆 欢迎您!
大连网信软件有限公司© 版权所有